Movies Quiz

Random Movies or Director Quiz
Score 0/16 Timer 06:00
0 Plays Today
Year Movie % Correct
1986Top Gun
92.9%
1990Days of Thunder
67.9%
1987Beverly Hills Cop II
65.9%
2004Man on Fire
63.9%
1998Enemy of the State
59.2%
1993True Romance
49.5%
1991The Last Boy Scout
49.3%
2010Unstoppable
47.4%
Year Movie % Correct
2009The Taking of Pelham 1 2 3
44.8%
1995Crimson Tide
44.4%
1996The Fan
41%
2001Spy Game
39.5%
2005Domino
34.4%
2006Déjà Vu
28.6%
1983The Hunger
25.5%
1990Revenge
19%

You're not logged in!

Compare scores with friends on all Sporcle quizzes.
OR
Log In

Sporcle TV

Today on Sporcle TV


Watch our educational content, quiz creation guides, and fun videos on Sporcle TV.

Show Comments

Extras

Top Quizzes Today


Score Distribution

Paid Content

Your Account Isn't Verified!

In order to create a playlist on Sporcle, you need to verify the email address you used during registration. Go to your Sporcle Settings to finish the process.

Report this User

Report this user for behavior that violates our Community Guidelines.

Details: